LEADER 01591nam0 2200373 450 001 000034786 005 20221102134354.0 010 $a978-1-138-05854-5$b1. 010 $a978-1-138-06603-8$b2. 010 $a978-1-138-36471-4$b3. 010 $a978-1-138-36476-9$b4. 100 $a20221102d2019----km-y0itay50------ba 101 0 $aeng 102 $aUS 105 $aa-------001yy 200 1 $aHyperspectral remote sensing of vegetation$fedited by Prasad S. Thenkabail, John G. Lyon, Alfredo Huete 205 $a2. ed. 210 $aBoca Raton$cCRC Press$d2019 215 $av$cill.$d26 cm 327 1 $a1: Fundamentals, sensor systems, spectral libraries, and data mining for vegetation$a2: Hyperspectral indices and image classifications for agriculture and vegetation$a3: Biophysical and biochemical characterization and plant species studies$a4: Advanced applications in remote sensing of agricultural crops and natural vegetation 500 10$aHyperspectral remote sensing of vegetation$92950712 610 1 $aTelerilevamento 676 $a621.3678$v22$9Tecnologia del rilevamento a distanza 700 1$aThenkabail,$bPrasad S.$0522338 701 1$aLyon,$bJohn G.$0129473 702 1$aHuete,$bAlfredo 801 0$aIT$bUNIPARTHENOPE$c20221102$gREICAT$2UNIMARC 912 $a000034786 951 $aP1 621-H/4 [I]$b48791$cPIST$d2022 951 $aP1 621-H/4 [II]$b48792$cPIST$d2022 951 $aP1 621-H/4 [III]$b48793$cPIST$d2022 951 $aP1 621-H/4 [IV]$b48794$cPIST$d2022 996 $aHyperspectral remote sensing of vegetation$92950712 997 $aUNIPARTHENOPE LEADER 01521nam0 2200361 i 450 001 MIL0276585 005 20251003044230.0 010 $a887187577X 020 $aIT$b96-6639 100 $a20220608d1995 ||||0itac50 ba 101 | $aita 102 $ait 181 1$6z01$ai $bxxxe 182 1$6z01$an 183 1$6z01$anc$2RDAcarrier 200 1 $aˆIl ‰budget$eprincipi e soluzioni tecnico-strutturali per tipi di impresa$emodelli e casi per affrontare la complessità gestionale$fAlberto Bubbio 205 $a2. ed 210 $aMilano$cIl sole-24 ore$d1995 215 $aIX, 414 p.$d24 cm 225 | $aProfessione impresa 300 $aTit. dell'ed. precedente: Il budget nel governo dell'impresa. 410 0$1001RML0007905$12001 $aProfessione impresa 676 $a658$9GESTIONE IN GENERALE$v12 676 $a658.154$9GESTIONE FINANZIARIA. IMPOSTAZIONE DEL BILANCIO$v21 700 1$aBubbio$b, Alberto$3CFIV032935$4070$0371783 801 3$aIT$bIT-000000$c20220608 850 $aIT-BN0095 901 $bNAP 01$cPOZZO LIB.$nVi sono collocati fondi di economia, periodici di ingegneria e scienze, periodici di economia e statistica e altri fondi comprendenti documenti di economia pervenuti in dono. 912 $aMIL0276585 950 0$aBiblioteca Centralizzata di Ateneo$c1 v.$d 01POZZO LIB.F. CORTI 132$e 01 0000115705E VMA 1 v.$fB $h20230717$i20230717 977 $a 01 996 $aBudget$9691412 997 $aUNISANNIO